| 000 | 00370nam a22001577a 4500 | ||
|---|---|---|---|
| 020 | _a8125017429 | ||
| 041 | _aENG | ||
| 100 | _aAnanthanarayan .R | ||
| 245 | _aTextbook Of Microbiology | ||
| 250 | _aSixth ED | ||
| 260 |
_aHayerabad _bOrient Longman Private _c198 |
||
| 300 | _a612 | ||
| 650 | _aAgricultural | ||
| 700 | _aPaniker .C.K.J | ||
| 856 | _uAgricultural | ||
| 999 |
_c404 _d404 |
||